| Tag |
First Indicator |
Second Indicator |
Subfields |
| LEADER |
00000cam a2200000 a 4500 |
| 001 |
in00002787858 |
| 005 |
20211120170507.0 |
| 006 |
m o d f |
| 007 |
cr bn||||||||| |
| 008 |
121116s2012 dcua ob f000 0 eng c |
| 019 |
|
|
|a 828122173
|
| 035 |
|
|
|a (OCoLC)ocn818331399
|
| 040 |
|
|
|a GPO
|b eng
|c GPO
|d GPO
|d OCLCO
|d GPO
|d MvI
|d UtOrBLW
|
| 042 |
|
|
|a pcc
|
| 043 |
|
|
|a n-us---
|
| 049 |
|
|
|a WWW
|
| 050 |
1 |
4 |
|a KF27
|b .J8588 2012i
|
| 074 |
|
|
|a 1020-C (online)
|
| 086 |
0 |
|
|a Y 4.J 89/1:112-126
|
| 088 |
|
|
|a Serial no. 112-126 (United States. Congress. House. Committee on the Judiciary)
|
| 110 |
1 |
|
|a United States.
|b Congress.
|b House.
|b Committee on the Judiciary.
|b Subcommittee on Crime, Terrorism, and Homeland Security.
|
| 245 |
1 |
0 |
|a Identity theft and income tax preparation fraud :
|b hearing before the Subcommittee on Crime, Terrorism, and Homeland Security of the Committee on the Judiciary, House of Representatives, One Hundred Twelfth Congress, second session, June 28, 2012.
|
| 264 |
|
1 |
|a Washington :
|b U.S. G.P.O.,
|c 2012.
|
| 300 |
|
|
|a 1 online resource (iii, 70 pages) :
|b illustrations
|
| 336 |
|
|
|a text
|b txt
|2 rdacontent
|
| 337 |
|
|
|a computer
|b c
|2 rdamedia
|
| 338 |
|
|
|a online resource
|b cr
|2 rdacarrier
|
| 500 |
|
|
|a Title from title screen (viewed on Nov. 16, 2012).
|
| 504 |
|
|
|a Includes bibliographical references.
|
| 500 |
|
|
|a "Serial number 112-126."
|
| 500 |
|
|
|a Electronic resource.
|
| 650 |
|
0 |
|a Identity theft
|z United States.
|
| 650 |
|
0 |
|a Tax evasion
|z United States.
|
| 650 |
|
0 |
|a Tax return preparation industry
|x Corrupt practices
|z United States.
|
| 650 |
|
0 |
|a Electronic filing of tax returns
|x Corrupt practices
|z United States.
|
| 650 |
|
0 |
|a Tax consultants
|x Corrupt practices
|z United States.
|
| 776 |
0 |
8 |
|i Print version:
|a United States. Congress. House. Committee on the Judiciary. Subcommittee on Crime, Terrorism, and Homeland Security.
|t Identity theft and income tax preparation fraud819339586
|
| 776 |
0 |
8 |
|i Microfiche version:
|a United States. Congress. House. Committee on the Judiciary. Subcommittee on Crime, Terrorism, and Homeland Security.
|t Identity theft and income tax preparation fraud
|w (OCoLC)839834614
|
| 856 |
4 |
0 |
|u https://purl.fdlp.gov/GPO/gpo31451
|t 0
|
| 999 |
|
|
|a MARS
|
| 999 |
f |
f |
|s 362c6c14-9743-31dc-8cac-3785dafbc0df
|i c271638f-aff4-3069-a4c9-b0dd1202e128
|t 0
|
| 952 |
f |
f |
|a Texas A&M University
|b College Station
|c Electronic Resources
|d Available Online
|t 0
|e Y 4.J 89/1:112-126
|h Superintendent of Documents classification
|
| 998 |
f |
f |
|a Y 4.J 89/1:112-126
|t 0
|l Available Online
|